LEADER 00882nam a2200217 i 4500 001 000000086877 003 CaOOAMICUS 005 20180830150014.0 008 180830n xx u000 u und u 013 $a59117 040 $aSeMil$bita 100 1 $aMagri, Francesco <1883-1962>.$0(OLS)http://semarc/name/4993 245 10$aAngelo Mauri (1873-1936), un pioniere dell'azione sociale cristiana. 260 $aMilano :$bMassimo 300 $a110 p. 600 14$aMauri, Angelo <1873-1936>.$0(OLS)http://semarc/subject/16332 650 4$aAzione Cattolica.$0(OLS)http://semarc/subject/9697 850 $aSeMil 852 $aSeMil$W1$xVenegono$y1$m76 27 *$j50496$B50496$CSeMilBibl$Z2$F54476 $81 996 $6245$aAngelo Mauri (1873-1936), un pioniere dell'azione sociale cristiana$9(OLS)http://semarc/title/133076 996 $6260$aMilano :$bMassimo$9(OLS)http://semarc/publisher/30297 LEADER 01308nam a2200301 i 4500 001 000000123890 003 CaOOAMICUS 005 20040308000000.0 008 040308s2002 it u000 u ita u 013 $a96586 020 $a88-88130-39-X 040 $aSeMil$bita 100 1 $aCasel, Odo,$c.$0(OLS)http://semarc/name/21971 240 14$aDie Liturgie als Mysterienfeier.$0(OLS)http://semarc/title/182226 245 10$aLiturgia come mistero /$cOdo Casel ; presentazione di Luigi Sartori ; saggio introduttivo di Paola Sofia Baghini. 260 $aMilano :$bMedusa,$ccopyr. 2002. 300 $a153 p. :$b[1] ritr. ;$c23 cm. 490 0 $aHermes ;$v4 650 4$aTeologia liturgica.$0(OLS)http://semarc/subject/5466 700 1 $aBaghini, Paola Sofia.$0(OLS)http://semarc/name/51451 700 1 $aSartori, Luigi .$0(OLS)http://semarc/name/3883 830 0$aHermes ;$v4.$0(OLS)http://semarc/title/14731 850 $aSeMil 852 $aSeMil$W1$xVenegono$y1$m3K III 10$j78528$B78528$CSeMilBibl$Z2$F80928 $81 961 $aAcquisto: Mescat 996 $6020$a88-88130-39-X$9(OLS)http://semarc/number/109528 996 $6245$aLiturgia come mistero$9(OLS)http://semarc/title/182225 996 $6260$aMilano :$bMedusa$9(OLS)http://semarc/publisher/33071